000 00317nam a22001457a 4500
003 SGT
020 _a978-81-312-3316-0
082 _a610.7362
_bP13M
100 _aMARLOW, DOROTHY R.
245 _aTB. OF PEDIATRIC NURSING
250 _aSA
260 _aINDIA
_bELSEVIER
_c2013
300 _a1061
942 _2ddc
_cBK
999 _c16563
_d16563